Ghalmi aur Nusal Persati / (Record no. 525684)
[ view plain ]
| 000 -LEADER | |
|---|---|
| fixed length control field | 00540nam a22001937a 4500 |
| 003 - CONTROL NUMBER IDENTIFIER | |
| control field | NUST |
| 005 - DATE AND TIME OF LATEST TRANSACTION | |
| control field | 20190704044732.0 |
| 008 - FIXED-LENGTH DATA ELEMENTS--GENERAL INFORMATION | |
| fixed length control field | 190704b ||||| |||| 00| 0 eng d |
| 038 ## - RECORD CONTENT LICENSOR | |
| Staff Name | Waseem |
| 082 ## - DEWEY DECIMAL CLASSIFICATION NUMBER | |
| Classification number | 301.636 |
| Author Mark | MUB |
| 100 ## - MAIN ENTRY--PERSONAL NAME | |
| Personal name | Ali, Mubark |
| 9 (RLIN) | 16628 |
| 245 ## - TITLE STATEMENT | |
| Title | Ghalmi aur Nusal Persati / |
| Statement of responsibility, etc. | Mubark Ali |
| 260 ## - PUBLICATION, DISTRIBUTION, ETC. | |
| Place of publication, distribution, etc. | Lahore : |
| Name of publisher, distributor, etc. | Fiction House Publisher, |
| Date of publication, distribution, etc. | 1998. |
| 300 ## - PHYSICAL DESCRIPTION | |
| Extent | 112 p. : |
| 500 ## - GENERAL NOTE | |
| General note | Paperback. |
| 880 ## - ALTERNATE GRAPHIC REPRESENTATION | |
| Linkage | 100-01\r |
| Title | مبارک علی |
| 880 ## - ALTERNATE GRAPHIC REPRESENTATION | |
| Linkage | 245-02\r |
| Title | غلامی اور نسل پرستی / |
| 942 ## - ADDED ENTRY ELEMENTS (KOHA) | |
| Source of classification or shelving scheme | |
| Koha item type | Book |
| Withdrawn status | Lost status | Source of classification or shelving scheme | Damaged status | Not for loan | Permanent Location | Current Location | Date acquired | Total Checkouts | Full call number | Barcode | Date last seen | Price effective from | Koha item type |
|---|---|---|---|---|---|---|---|---|---|---|---|---|---|
| Central Library (CL) | Central Library (CL) | 07/04/2019 | 301.636 MUB | CL-E-1221 | 07/04/2019 | 07/04/2019 | Book |
